000 00307nam a22001331a 4500
999 _c169820
_d169820
082 _a823
_bPAU/B
100 _aPaulo Coelho
245 _aBrida/
_cby Paulo Coelho.
260 _a
_b
_c
650 _aTranslation Brazilian Novel
650 _aLiterature English
650 _aLiterature
942 _cBK